000 01506 a2200337 4500
001 40639
005 20260407155702.0
008 260407a1997 arg spa d
003 AR-UNSa-BCEJYS
040 _aAR-UNSa-BCEJYS
_bspa
_cAR-UNSa-BCEJYS
080 _a330.101.541
_xMacroeconomía
245 1 0 _aLecturas de macroeconomía y política económica
020 _a950-537-409-7
264 1 _aBuenos Aires :
_bEdiciones Macchi
_c1997
300 _axx, 314 p.
_c22 cm.
505 _a1. Aspectos generales de la macroeconomía - 2. La contabilidad nacional - 3. El sector público - 4. Los hechos e ideas económicos y sociales, y el rol del estado en la economía - 5. El sector monetario y financiero - 6. El sector externo - 7. Acerca del análisis teórico del comercio internacional - 8. El equilibrio general - 9. Problemas de política económica - 10. Los interrogantes de la política económica argentina en los '90 - 11. El plan de convertibilidad
041 _aspa
942 _cBK
590 _aniveau_biblio:m niveau_hierar:0
100 1 _aFerrucci, Ricardo Jorge
700 1 _aLevy, Rafael
700 1 _aVilladeamigo, José D.
700 1 _aFigueroa, Alejandro C.
700 1 _aSingerman, Pablo A.
700 1 _aSuárez, Luis Alberto
700 1 _aRosignuolo, Lidia
700 1 _aGlembocki, Samuel
700 1 _aJuretic, Anahí
700 1 _aHirsch Treves, Hernán
856 4 1 _uhttps://biblioeco.unsa.edu.ar/pmb/images/libros/L85581.jpg
_yImagen de portada
_qimage/jpeg
999 _c3280
_d3280